Around the House Spanish Vocabulary Words - Statistics

General Stats
  • This quiz has been taken 16,076 times
    16,071 since last reset
  • The average score is 15 of 27
Answer Stats
English Español % Correct
house casa
95%
bathroom baño
85%
plate plato
85%
kitchen cocina
83%
bed cama
79%
door puerta
79%
telephone teléfono
79%
window ventana
75%
radio radio
73%
light luz
65%
bedroom dormitorio
62%
glass vaso
58%
shower ducha
55%
knife cuchillo
53%
lamp lámpara
52%
spoon cuchara
50%
floor piso
49%
living room sala
48%
fork tenedor
47%
wall pared
45%
mirror espejo
41%
painting pintura
35%
refridgerator refrigerador
33%
ceiling techo
33%
dining room comedor
30%
carpet alfombra
29%
lawn césped
28%
No matching quizzes found
Score Distribution
Percent of People with Each Score
Percentile by Number Answered
Your Score History
You have not taken this quiz since the last reset